La investigación de los evangelios sinópticos y Hechos de los Apóstoles en el siglo XX

Gorde:
Xehetasun bibliografikoak
Egile Nagusiak: Aguirre Monasterio, Rafael (Egilea), Rodríguez Carmona, Antonio (Egilea)
Formatua: Liburua
Hizkuntza:gaztelania
Argitaratua: Pamplona Verbo Divino 1999
Edizioa:2a. ed
Saila:Introducción al Estudio de la Biblia, 1
Gaiak:
Etiketak: Etiketa erantsi
Etiketarik gabe, Izan zaitez lehena erregistro honi etiketa jartzen!

MARC

LEADER 00000cam a2200000 a 4500
001 UCC2534
003 CL-VaPUC
008 180309e19990000sp |||||||||||||||||spa|d
020 |a 8481690295 
082 0 4 |a 226  |b AGU  |2 21 
100 0 |a Aguirre Monasterio, Rafael  |e author  |9 596591 
700 0 |a Rodríguez Carmona, Antonio  |e author  |9 596592 
245 1 3 |a La investigación de los evangelios sinópticos y Hechos de los Apóstoles en el siglo XX 
250 |a 2a. ed 
300 |a 397 p 
942 |c BK 
945 |d 20180309 22:06:00  |a dcastane 
260 |a Pamplona  |b Verbo Divino  |c 1999 
650 0 |a Biblia  |9 257603 
650 0 |a Apóstoles   |9 444286 
650 0 |a Evangelistas  |9 315131 
583 |a last modification  |c 20180309 22:06:00  |k Rodrigo Vera 
490 0 |a Introducción al Estudio de la Biblia, 1 
999 |c 370613  |d 370611 
952 |0 0  |1 0  |3 erb  |4 0  |6 226_000000000000000_AGU_1999  |7 0  |8 A  |9 487159  |a BIBTEO  |b BIBTEO  |i 5453224  |l 1  |m 1  |o 226 AGU 1999  |p 5453224  |r 2025-01-17  |s 2024-08-13  |w 2019-11-24  |y BK  |z Catalogado en:20180309  |k ICR